| 000 | 01009 a2200265 4500 | ||
|---|---|---|---|
| 005 | 20200104041631.0 | ||
| 008 | 150108b xxu||||| |||| 00| 0 spa d | ||
| 040 |
_aCO-BoIAVH _cCO-BoIAVH |
||
| 041 | _aspa | ||
| 044 | _ack | ||
| 090 |
_aIAVH _b01326 |
||
| 100 |
_aGuerra Gutierrez, Jairo Miguel _96156 |
||
| 245 | _aPlan de Negocios, Asociacion de Operadores Turísticos la Tatacoa Asotur la Tatacoa | ||
| 260 |
_aNeiva, Huila _bInstituto Alexander Von Humboldt _bCAM _c2009 |
||
| 300 | _a67 p. | ||
| 500 | _aConvenio 08-230 Instituto Humboldt y la Corporación Autónoma Regional del Alto Magdalena CAM | ||
| 650 |
_aComercialización de productos _96152 |
||
| 650 |
_aBiocomercio _992419 |
||
| 650 |
_aEcoturismo _992485 |
||
| 650 |
_aConservación de biodiversidad _9345 |
||
| 651 |
_aColombia _zDesierto de la Tatacoa _931157 |
||
| 662 |
_aColombia _bHuila |
||
| 773 | 0 |
_dBogot ÌAVH CAM 2009 _tEstrategias para el fortalecimiento del Biocomercio en el departamento del Huila |
|
| 942 |
_2z _cINFORME |
||
| 999 |
_c8932 _d8932 |
||